00297nam a22001097a 4500040002800000082001600028100001800044245005900062250001200121260004300133300001100176 cC. R. Barber & Partners a423bP294 C aPatrick Hanks aCollins Dictionary of the English Language 2ne Edition a2nd ed. aEnglandbC. R. Barber & Partnersc1986 a1771p.